1223 1345 1340 1473 1586 1135 1056 1944 1443 1671 1981 1562 1597 1637 1006 1126 1305 1750 1922 1691 1161 1277 1682 1607 1584 1826 1545 1749 1095 1684 1547 1331 1282 1498 1304 1711 1014 1683 1210 1821 1567 1358 1034 1253 1493 1230 1749 1893 1643 1234 1579 1413 1934 1289 1385 1938 1757 1063 1403 1920 1255 1938 1712 1033 1220 1301 1212 1392 1810 1290 1792 1146 1524 1338 1527 1824 1409 1786 1591 1475 1086 1610 1491 1445 1683 1495 1962 1023 1852 1412 1620 1161 1997 1149 1766 1398 1401 1150 1009 BCNSPRNW ULIB Ver.6.0+V

เปลี่ยนเป็นภาษาไทย

Change to English
 แสดงรายละเอียดบรรณานุกรม
  กลับหน้าหลัก

Brief Record : Get Marc (ISO 2709) : E-mail record : QR code < ปิดหน้าต่าง
LEADER : 00000nam 2200000uu 4500
001    13399122392
003     ULIB
008    130315s2549||||th 000 0 tha d
020    ^a9789748817934
060  4 ^aWY18.2^bว587ด
110 1  ^aวิทยาลัยพยาบาลเครือข่ายภาคกลาง
245 00 ^aสาระทบทวน วิชา การพยาบาลเด็กและวัยรุ่น/^cวิทยาลัยพยาบาลเครือข่ายภาคกลาง
250    ^aพิมพ์ครั้งที่ 3
260    ^aกรุงเทพฯ:^bวิทยาลัยพยาบาลเครือข่ายภาคกลาง,^c2549
300    ^a150
650  7 ^aการพยาบาลเด็กและวัยรุ่น^xคำถามและคำตอบ
945    ^p90^l0^i24649
995    ^aทศพร
999    ^aทศพร เกษรทอง
รายการนี้ยังไม่มีแท็ก
คุณยังไม่ได้ล็อกอิน คุณสามารถมีกิจกรรมร่วมกับเว็บไซต์ได้ แต่ต้องล็อกอินก่อน ::
  ล็อกอิน

รายการสื่อสารสนเทศ

ลำดับที่ ประเภท เลขเรียก/บาร์โค้ด สถานที่ สถานะ
1. Book การพยาบาล
Book การพยาบาล
WY18.2 ว587ด ฉ.2 
  Barcode: 24649
ห้องสมุดวิทยาเขตนครสวรรค์
►ส่วนจัดเก็บหนังสือเก่า นว.
บนชั้น
  ขอยืม

BibComment


ยังไม่เคยถูกคอมเมนท์

คอมเมนท์ทรัพยากรรายการนี้
  คอมเมนท์: สาระทบทวน วิชา ก..


 Copyright 2026. Bcnsprnw @Library